Normale Ansicht
MARC-Ansicht
Eintrag Personenname
001 - Kontrollnummer
- Kontrollfeld: 61385
003 - Kontrollnummer Identifier
- Kontrollfeld: RU-10907106
005 - Datum und Zeit der letzten Transaktion
- Kontrollfeld: 20240301100916.0
008 - Datenelemente mit fester Länge
- Kontrollfeld mit fester Länge: 240301|| aca||aabn | a|a d
040 ## - Katalogisierungsquelle
- Original-Katalogisierungsstelle: RU-10907106
- Übertragungsstelle: RU-10907106
100 ## - Ansetzung - Personenname
- Personenname: Al-Bagdadi, Nadia
670 ## - Datenquelle
- Quellenangabe: Work cat.: (RU-10907106)70471: Al-Azmeh, Aziz. 61383, Striking from the Margins :